| 000 | 00614nam a2200145Ia 4500 | ||
|---|---|---|---|
| 008 | 170221s9999 xx 000 0 und d | ||
| 100 | _aValentina A. Komelina | ||
| 245 | _aFeatures of Students’ Economic Competence Formation | ||
| 245 | _cValentina A. Komelina, Zulfiya N. Mirzagalyamova, Lyaisan B. Gabbasova, Yuliya S. Rod, Malika L. Slobodyan, Svetlana A. Esipova, Sergei Y. Lavrentiev, Guzyal M. Kharisova | ||
| 260 | _bInternational Review of Management and Marketing | ||
| 260 | _c2012 | ||
| 300 | _a7 : 2 | ||
| 650 | _xMarketing. | ||
| 856 | _uhttp://www.econjournals.com/index.php/irmm/issue/view/64 | ||
| 999 |
_c313956 _d313956 |
||